|
|
|
|
| LEADER |
00000cam a2200000 4500 |
| 001 |
vtls011787364 |
| 003 |
SK-MaSNL |
| 005 |
20260301100307.0 |
| 008 |
201207s2018 xo a frnp 001 0 hun |
| 015 |
|
|
|a SNBA2018/11
|
| 020 |
|
|
|a 9788081222399
|q (brožované)
|
| 035 |
|
|
|a 01C437D5-9FC8-4576-B1D3-C72A5C6309EC
|
| 035 |
|
|
|a urn:nbn:sk:snk-am3ib0w
|
| 035 |
|
|
|a urn:nbn:sk:snk-am00dj3j
|
| 040 |
|
|
|a SNK
|b slo
|c SNK
|e rda
|
| 041 |
0 |
|
|a hun
|b slo
|b eng
|
| 044 |
|
|
|a xo
|c SK
|
| 072 |
|
7 |
|a 37.016
|x Učebné osnovy. Vyučovacie predmety. Učebnice
|2 konspekt
|
| 080 |
|
|
|a 37.016.026
|2 2011
|
| 080 |
|
|
|a 93/94
|2 2011
|
| 080 |
|
|
|a (075.8)
|2 2011
|
| 100 |
1 |
|
|a Vajda, Barnabás,
|d 1970-
|4 aut
|9 101782
|
| 245 |
1 |
0 |
|a Bevezetés a történelemdidaktikába és a történelemmetodikába
|c Vajda Barnabás
|
| 246 |
1 |
1 |
|a Úvod do didaktiky a metodiky vyučovania dejepisu
|
| 250 |
|
|
|a Második kiadás
|
| 264 |
|
1 |
|a Komárom
|b Selye János Egyetem
|c 2018
|
| 300 |
|
|
|a 184 strán
|b tabuľky
|c 21 cm
|
| 336 |
|
|
|a text
|b txt
|2 rdacontent
|
| 337 |
|
|
|a bez média
|b n
|2 rdamedia
|
| 338 |
|
|
|a zväzok
|b nc
|2 rdacarrier
|
| 504 |
|
|
|a Bibliografia na strane 159-166 ; register mien a pojmov
|
| 546 |
|
|
|a Slovenské a anglické resumé
|
| 650 |
0 |
7 |
|a didaktika vyučovacích predmetov
|2 SNKPH
|9 4030
|
| 650 |
0 |
7 |
|a dejepis
|2 SNKPH
|9 4288
|
| 650 |
0 |
7 |
|a Teaching school subjects
|2 SNKPHeng
|9 270805
|
| 650 |
0 |
7 |
|a History (school subject)
|2 SNKPHeng
|9 286675
|
| 655 |
|
7 |
|a učebnice vysokých škôl
|2 SNKPH
|9 70191
|
| 655 |
|
7 |
|a Textbooks (higher)
|2 SNKPHeng
|9 276436
|
| 752 |
|
|
|a Slovensko
|d Komárno
|
| 919 |
|
|
|a 978-80-8122-239-9
|
| 958 |
|
|
|a HU
|
| 958 |
|
|
|a NB
|
| 999 |
|
|
|c 685855
|d 687785
|
| 952 |
|
|
|a SNK
|b SNK
|y PREZ
|7 0
|p 17A1338161
|o snkSC 181337
|i snk2018/22020
|8 0
|0 0
|1 0
|4 0
|d 2018-10-24
|f 1
|l 0
|r 2026-02-23 20:11:25
|w 2026-02-23
|
| 952 |
|
|
|a SNK
|b SNK
|y VYP
|7 0
|p 17A1338162
|o snkSC 181337 D1
|i snk2018/22021
|8 0
|0 0
|1 0
|4 0
|d 2018-10-24
|l 0
|r 2026-02-23 20:11:25
|w 2026-02-23
|